Similar Neighbors Quiz Stats

 Plays Quiz Updated Jul 13, 2016

Also try: Imposing Neighbors
Challenge
Share
Tweet
Embed
Score 0/30 Timer 12:00
3 Plays Today
Rank Countries % Correct
3Canada / U.S.A.
84.8%
29North Korea / South Korea
54.7%
19Germany / Poland
45.2%
1Lithuania / Latvia
39.1%
6Finland / Norway
37.4%
30Pakistan / Afghanistan
30.2%
22Nicaragua / Honduras
29.5%
5Honduras / Guatemala
27.7%
16Hungary / Austria
27.4%
23Peru / Bolivia
25.3%
7Burundi / Rwanda
23.7%
2Chad / Niger
22.2%
10Austria / Czechia
20%
28Mali / Mauritania
19.8%
12Turkmenistan / Uzbekistan
19.5%
Rank Countries % Correct
18Peru / Colombia
19.5%
4Niger / Mali
17.9%
15Croatia / Bosnia and Herzegovina
15.8%
26Greece / Bulgaria
14%
17Albania / Macedonia
12.9%
25Tanzania / Mozambique
12.5%
8Sudan / Libya
10.6%
14Somalia / Kenya
10.5%
27Hungary / Serbia
8%
21Burkina Faso / Ghana
7.8%
11South Sudan / Central African Republic
7.5%
24Cote d'Ivoire / Burkina Faso
7.4%
9Mozambique / Zambia
6%
13Namibia / Zambia
4.2%
20South Sudan / Kenya
4%

You're not logged in!

Compare scores with friends on all Sporcle quizzes.
Join for Free
OR
Log In

You Might Also Like...

Show Comments

Extras

Top Quizzes Today


Score Distribution

Your Account Isn't Verified!

In order to create a playlist on Sporcle, you need to verify the email address you used during registration. Go to your Sporcle Settings to finish the process.

Report this User

Report this user for behavior that violates our Community Guidelines.

Details: